Human enhancement / (Registro nro. 67315)
[ vista simple ]
| 000 -LEADER | |
|---|---|
| fixed length control field | 00871nam a2200277 u 4500 |
| 001 - CONTROL NUMBER | |
| control field | 67315 |
| 005 - DATE AND TIME OF LATEST TRANSACTION | |
| control field | 20221027163440.0 |
| 008 - FIXED-LENGTH DATA ELEMENTS--GENERAL INFORMATION | |
| fixed length control field | 170511s2009 xxk r 000 0 eng d |
| 020 ## - INTERNATIONAL STANDARD BOOK NUMBER | |
| International Standard Book Number | 9780199594962 |
| 040 ## - CATALOGING SOURCE | |
| Description conventions | rda |
| 041 0# - LANGUAGE CODE | |
| Language code of text/sound track or separate title | eng |
| 082 0# - DEWEY DECIMAL CLASSIFICATION NUMBER | |
| Classification number | 610.19 |
| Item number | SAV |
| 100 1# - MAIN ENTRY--PERSONAL NAME | |
| Personal name | Savulescu, Julian, |
| Dates associated with a name | 1963- |
| Relator term | editor |
| 9 (RLIN) | 4399 |
| 245 10 - TITLE STATEMENT | |
| Title | Human enhancement / |
| Statement of responsibility, etc. | edited by Julia Savulescu, Nick Bostrom. |
| 250 ## - EDITION STATEMENT | |
| Edition statement | [First edition] |
| 264 #1 - PRODUCTION, PUBLICATION, DISTRIBUTION, MANUFACTURE, AND COPYRIGHT NOTICE | |
| Place of production, publication, distribution, manufacture | United Kingdom : |
| Name of producer, publisher, distributor, manufacturer | Oxford University Press, |
| Date of production, publication, distribution, manufacture, or copyright notice | 2009 |
| 300 ## - PHYSICAL DESCRIPTION | |
| Extent | vi, 423 páginas ; |
| Dimensions | 24 cm. |
| 336 ## - CONTENT TYPE | |
| Content type term | texto |
| Source | rdacontent |
| Content type code | txt |
| 337 ## - MEDIA TYPE | |
| Media type term | sin medio |
| Source | rdamedia |
| Media type code | n |
| 338 ## - CARRIER TYPE | |
| Carrier type term | volumen |
| Source | rdacarrier |
| Carrier type code | nc |
| 650 #4 - SUBJECT ADDED ENTRY--TOPICAL TERM | |
| Topical term or geographic name entry element | Innovaciones médicas |
| General subdivision | Aspectos sociales |
| 650 #4 - SUBJECT ADDED ENTRY--TOPICAL TERM | |
| Topical term or geographic name entry element | Ética médica |
| 650 #4 - SUBJECT ADDED ENTRY--TOPICAL TERM | |
| Topical term or geographic name entry element | Mejora biomédica |
| General subdivision | Ética |
| 700 1# - ADDED ENTRY--PERSONAL NAME | |
| Personal name | Bostrom, Nick, |
| Relator term | editor |
| 942 ## - ADDED ENTRY ELEMENTS (KOHA) | |
| Classification part | 610.19 |
| Item part | SAV |
| Koha item type | Libro |
| Withdrawn status | Lost status | Source of classification or shelving scheme | Damaged status | Not for loan | Collection code | Home library | Current library | Shelving location | Date acquired | Source of acquisition | Total Checkouts | Full call number | Barcode | Checked out | Date last seen | Date last checked out | Price effective from | Koha item type |
|---|---|---|---|---|---|---|---|---|---|---|---|---|---|---|---|---|---|---|
| Dewey Decimal Classification | Magisterial | Biblioteca Karol Wojtyla | Biblioteca Karol Wojtyla | Módulo de circulación | 11/05/2017 | Compra | 1 | 610.19 SAV 2009 | 97663 | 23/08/2017 | 23/08/2017 | 23/08/2017 | 14/06/2017 | Magisterial |